000 00334nam a22001217a 4500
008 151105b xxu||||| |||| 00| 0 eng d
050 _aPQ2633.U43R8
100 _aQueneau, Raymond
_920988
245 _aUn rude hiver
_c/by Raymond Queneau
260 _aParis
_bGallimard
_c1966
300 _a175p. ;
_c19cm.
942 _2lcc
_cMONOGRAPH
999 _c123757
_d123757